|
|
|
|
| LEADER |
00762nam a22002051 4500 |
| 001 |
c000193988 |
| 003 |
CARM |
| 005 |
20021125001700.0 |
| 008 |
851003s1962 ag 0 spa d |
| 019 |
1 |
|
|a 3960382
|5 LACONCORD2021
|
| 035 |
|
|
|a (OCoLC)697341
|5 LACONCORD2021
|
| 100 |
1 |
|
|a Cordero, Hector Adolfo.
|
| 245 |
1 |
0 |
|a Alberto Ghiraldo :
|b precursor de nuevos tiempos.
|
| 260 |
|
|
|a Buenos Aires :
|b Editorial,
|c 1962.
|
| 440 |
|
0 |
|a Biblioteca hombres e ideas. 2a serie ;
|v v. 8
|
| 600 |
1 |
0 |
|a Ghiraldo, Alberto.
|
| 852 |
8 |
|
|b CARM
|h A2:AK17A0
|i B06096
|p 0286888
|f BK
|
| 082 |
0 |
4 |
|a 861.5
|
| 999 |
f |
f |
|i 0e519534-313f-5293-aa7f-93569de01393
|s f3febe5d-742f-5dbc-ae0d-0f03cf5947d9
|
| 952 |
f |
f |
|p Can circulate
|a CAVAL
|b CAVAL
|c CAVAL
|d CARM 1 Store
|e B06096
|f A2:AK17A0
|h Other scheme
|i book
|m 0286888
|